Účtování o sdružení u podnikatelů
Zásadné zmeny v právnych predpisoch z hľadiska účtovania o združení podnikateľov. Predpoklady pre účtovanie o združení osôb. Účtovanie o združení osôb. Zmeny v účtovaní o združení k 1.1.1992 zrušením hospodárskeho zákonníka a vydaním obchodného zákonníka.
Salvato in:
| Autore principale: | |
|---|---|
| Natura: | Capitolo di libro |
| Lingua: | ceco |
| Soggetti: | |
| Tags: |
Nessun Tag, puoi essere il primo ad aggiungerne!!
|
MARC
| LEADER | 00000naa a2200000 4500 | ||
|---|---|---|---|
| 001 | r015267 | ||
| 005 | 20221213083409.7 | ||
| 041 | 0 | |a cze | |
| 044 | |a CZ | ||
| 245 | 1 | 0 | |a Účtování o sdružení u podnikatelů |c L. Beneš |
| 520 | |a Zásadné zmeny v právnych predpisoch z hľadiska účtovania o združení podnikateľov. Predpoklady pre účtovanie o združení osôb. Účtovanie o združení osôb. Zmeny v účtovaní o združení k 1.1.1992 zrušením hospodárskeho zákonníka a vydaním obchodného zákonníka. | ||
| 610 | 2 | 0 | |a účtovanie |
| 610 | 2 | 0 | |a podnikatelia |
| 610 | 2 | 0 | |a združenia |
| 610 | 2 | 0 | |a výkazy účtovné |
| 610 | 2 | 0 | |a účty |
| 610 | 2 | 0 | |a predpisy právne |
| 100 | 1 | |a Beneš, L. | |